| 000 | 00548nam a2200193Ia 4500 | ||
|---|---|---|---|
| 003 | OSt | ||
| 005 | 20200602130051.0 | ||
| 008 | 190216s9999||||xx |||||||||||||| ||und|| | ||
| 020 | _a9788126537686 | ||
| 040 | _coclc | ||
| 082 |
_a337 _bSAL/I |
||
| 100 |
_aSalvatore, Dominick _9459 |
||
| 245 | 0 |
_aInternational Economics Trade And Finance / _cDominick Salvatore |
|
| 250 | _a10th Ed. | ||
| 260 |
_bWiley India, _c2014. _aNew Delhi: |
||
| 300 | _a812p | ||
| 650 | _aEconomics | ||
| 942 |
_cBK _2ddc _h337 _iSAL/I _k337 _mSAL/I |
||
| 999 |
_c11370 _d11370 |
||